Category Elimination - Islands - Statistics

General Stats
  • This quiz has been taken 483 times
  • The average score is 15 of 20
Answer Stats
% Correct
38 Islands with more than 2 million people
99%
23 ...owned by a country/s without blue on its flag
96%
9 ...which touch the Indian Ocean
94%
4 ...and are home to more than 95% of one country's area
91%
88 Islands larger than 8,000 km^2 in area
89%
33 ...with a population of more than 1 million
88%
22 ...that are in Asia
87%
62 Islands that are home to a national capital
86%
50 ...which have a one-word (common) name
85%
3 ...split between multiple countries
79%
38 ...and are less than 20,000 km^2 in area
79%
37 ...without the letter Y in their name
79%
33 ...that are outside of Africa
79%
28 ...also having more than five letters in their name
75%
19 ...and without "holm" in their name
75%
12 ...which were never settled as a European protectorate
48%
7 ...and have a maximum elevation of 400 m or less
48%
1 ...that receive 15 million or more tourists each year Singapore
48%
1 ...and with a largest city of less than 500,000 people Timor
44%
1 ...that are the largest island in their respective sea Zealand
19%
No matching quizzes found
Score Distribution
Percent of People with Each Score
Percentile by Number Answered
Your Score History
You have not taken this quiz